000 00808nam a22002412 4500
001 0000023346
005 20151217145941.0
008 121113s xx 000 0 eng d
020 _a0335234448 :
040 _aKABU
_cKABU
100 1 _aMatthiesen, Jane.
_@0000182736
245 1 0 _aHow to survive your doctorate :
_bwhat others don't tell you /
_cJane Matthiesen and Mario Binder.
250 _a1st ed.
260 _aLondon :
_bSAGE,
_c2009.
300 _axiii, 202 p.
650 0 _aDissertations, Academic.
_@0000151328
650 0 _aDoctor of Philosophy degree.
_@0000158151
700 1 _aBinder, Mario.
_@0000182737
852 1 _9p1621.80 KES
852 1 _9p2500 KES
908 _a121113
950 _@1
999 _c4370
_d4370